00378 2200157 4500245003600000020002200036250001100058100001600069650001700085005001900102260004900121041001400170084001000184490001700194336000900211 aKamus BotanicBudi SuhonohText a978-602-98767-7-2 aCet. 2 aBudi Suhono aKamus Botani a20231116142422 aBogorbEnsiklopedia Nasional Indonesiac2012 aIndonesia a580.3 aKamus Botani atext